Eurovision 2014 Finalists - Statistics

General Stats
  • This quiz has been taken 1,088 times
  • The average score is 24 of 26
Answer Stats
Answer % Correct
United Kingdom
99%
Austria
98%
Sweden
98%
France
97%
Germany
97%
Italy
97%
Spain
97%
Denmark
96%
Finland
96%
Norway
96%
Russia
96%
Ukraine
95%
Armenia
94%
Azerbaijan
93%
Greece
93%
Iceland
93%
Netherlands
93%
Belarus
92%
Hungary
92%
Poland
91%
Romania
91%
Slovenia
89%
Switzerland
88%
Malta
86%
San Marino
86%
Montenegro
85%
No matching quizzes found
Score Distribution
Percent of People with Each Score
Percentile by Number Answered
Your Score History
You have not taken this quiz